000 00663cab a2200205 4500
001 X2502
008 090401t1995 xxu||||| |||| 00| 0 eng d
035 _a(Sirsi) u24680
041 _aeng
245 _aEuropa Holdings Ltd v Circle Industries Ltd
260 _c1995
350 _a0
490 _aConstruction Industry Law Letter
_v1995 CILL 1079-1081(3)
520 _a2 Jnue 1995. Representation in court; Courts and Legal Services Act 1990; company director permitted rights of audience and conduct.
650 _aCOURTS AND LEGAL SERVICES ACT 1990
650 _aREPRESENTATION IN COURT
690 _aLAW-CASE LAW
942 _n0
948 _c04/03/1997
999 _c16558
_d16558